| 000 | 00416nam a22001697a 4500 | ||
|---|---|---|---|
| 005 | 20180728155142.0 | ||
| 008 | 160517b xxu||||| |||| 00| 0 eng d | ||
| 020 | _a0-07-066287-8 | ||
| 041 | _aeng | ||
| 082 |
_b2546 _a658.3 |
||
| 100 |
_aFlipo,Edwin.B. _94662 |
||
| 245 | _aPersonnal Management | ||
| 260 |
_aNew Delhi _bMc Graw Hill Companies, _c1984 |
||
| 300 | _a588p, | ||
| 650 |
_aManagement _9241 |
||
| 942 | _cBK | ||
| 999 |
_c934 _d934 |
||